Geography Quiz

Random Geography or Blitz Quiz

'And' Countries Blitz Quiz Stats

Quiz Updated Sep 16, 2014

Challenge
Share
Tweet
Score 0/6 Timer 00:30
2 Plays Today
% Correct
Trinidad
88.7%
Bosnia
85.8%
St. Kitts
79.3%
Antigua
78.6%
St. Vincent
71.3%
São Tomé
70.6%

You're not logged in!

Compare scores with friends on all Sporcle quizzes.
Sign Up with Email
OR
Log In

You Might Also Like...

Show Comments

Extras

Top Quizzes Today


Score Distribution

Your Account Isn't Verified!

In order to create a playlist on Sporcle, you need to verify the email address you used during registration. Go to your Sporcle Settings to finish the process.

Report this User

Report this user for behavior that violates our Community Guidelines.

Details: